000 00268nam a22001337a 4500
041 _aENG
100 _aLiese .W
245 _aBamboo Preservation Compendium
260 _aDelhi
_bIABAR
_c2002
300 _a230
650 _aFS
700 _aKumar .S
856 _uFS
999 _c804
_d804